| 000 | 00441nab a2200145Ia 4500 | ||
|---|---|---|---|
| 003 | ES-SlBCS | ||
| 005 | 20210601134509.0 | ||
| 008 | 140529s1993 xxu||||| |||| 00| 0 spa d | ||
| 041 | _aspa | ||
| 100 | 1 |
_aVila-San-Juan, José Luis _934456 |
|
| 245 | 0 | 0 |
_aEl caso García Lorca _c José Luis Vila-San-Juan |
| 600 | 1 | 4 |
_aGarcía Lorca, Federico _d, 1898-1936 _9114700 |
| 773 | 0 |
_tAnthropos _gnº. 148, 1993, págs. 65-68 _w0211-5611 |
|
| 942 | _cAR | ||
| 999 |
_c613491 _d613491 |
||